20 Random Countries - Statistics

General Stats
  • This quiz has been taken 153 times
  • The average score is 4 of 20
Answer Stats
Country % Correct
Cyprus
100%
Japan
100%
San Marino
100%
South Korea
100%
United States
100%
Vanuatu
100%
Ireland
88%
United Kingdom
86%
Canada
83%
China
75%
Austria
67%
Brazil
67%
Democratic Republic of the Congo
67%
France
67%
Germany
67%
Peru
67%
Mexico
63%
Indonesia
60%
Mongolia
60%
Cuba
57%
Italy
57%
Republic of the Congo
57%
Sweden
56%
Australia
50%
New Zealand
50%
Romania
50%
Russia
50%
Senegal
50%
Slovakia
50%
Dominican Republic
43%
Fiji
43%
Finland
43%
Iran
43%
Myanmar
40%
Philippines
40%
Turkey
40%
Argentina
38%
Egypt
33%
Kosovo
33%
Netherlands
33%
Saint Vincent and the Grenadines
33%
Spain
33%
Suriname
33%
Ukraine
33%
Venezuela
33%
Denmark
30%
Syria
30%
Vietnam
30%
Andorra
29%
Botswana
29%
Guyana
29%
Albania
25%
Bosnia and Herzegovina
25%
East Timor
25%
Greece
25%
India
25%
Iraq
25%
Monaco
25%
Niger
25%
Poland
25%
Saudi Arabia
25%
Sudan
25%
Tunisia
25%
Tuvalu
25%
Uruguay
25%
Yemen
25%
Belize
22%
Central African Republic
22%
Palau
22%
Belarus
20%
Bulgaria
20%
Chad
20%
Haiti
20%
Malta
20%
Portugal
20%
Somalia
20%
South Sudan
20%
Switzerland
20%
Honduras
18%
Zimbabwe
18%
Brunei
17%
Colombia
17%
Ethiopia
17%
Israel
17%
Lebanon
17%
Malaysia
17%
Mali
17%
Marshall Islands
17%
Serbia
17%
Sri Lanka
17%
Thailand
17%
Uzbekistan
17%
Bahamas
14%
Belgium
14%
Bolivia
14%
Gambia
14%
Jordan
14%
Madagascar
14%
North Macedonia
14%
Norway
14%
Panama
14%
Trinidad and Tobago
14%
Montenegro
13%
Seychelles
13%
Bangladesh
11%
Barbados
11%
Kenya
11%
Armenia
10%
Zambia
10%
Cape Verde
9%
Ivory Coast
9%
Pakistan
9%
Qatar
9%
Paraguay
7%
Afghanistan
0%
Algeria
0%
Angola
0%
Antigua and Barbuda
0%
Azerbaijan
0%
Bahrain
0%
Benin
0%
Bhutan
0%
Burkina Faso
0%
Burundi
0%
Cambodia
0%
Cameroon
0%
Chile
0%
Comoros
0%
Costa Rica
0%
Croatia
0%
Czech Republic
0%
Djibouti
0%
Dominica
0%
Ecuador
0%
El Salvador
0%
Equatorial Guinea
0%
Eritrea
0%
Estonia
0%
Eswatini
0%
Federated States of Micronesia
0%
Gabon
0%
Georgia
0%
Ghana
0%
Grenada
0%
Guatemala
0%
Guinea
0%
Guinea-Bissau
0%
Hungary
0%
Iceland
0%
Jamaica
0%
Kazakhstan
0%
Kiribati
0%
Kuwait
0%
Kyrgyzstan
0%
Laos
0%
Latvia
0%
Lesotho
0%
Liberia
0%
Libya
0%
Liechtenstein
0%
Lithuania
0%
Luxembourg
0%
Malawi
0%
Maldives
0%
Mauritania
0%
Mauritius
0%
Moldova
0%
Morocco
0%
Mozambique
0%
Namibia
0%
Nauru
0%
Nepal
0%
Nicaragua
0%
Nigeria
0%
North Korea
0%
Oman
0%
Papua New Guinea
0%
Rwanda
0%
Saint Kitts and Nevis
0%
Saint Lucia
0%
Samoa
0%
São Tomé and Príncipe
0%
Sierra Leone
0%
Singapore
0%
Slovenia
0%
Solomon Islands
0%
South Africa
0%
Taiwan
0%
Tajikistan
0%
Tanzania
0%
Togo
0%
Tonga
0%
Turkmenistan
0%
Uganda
0%
United Arab Emirates
0%
Vatican City
0%
No matching quizzes found
Score Distribution
Percent of People with Each Score
Percentile by Number Answered
Your Score History
You have not taken this quiz